Çerkes soykırımı (Kayıt no. 10702)

MARC ayrıntıları
000 -BAŞLIK
Sabit Uzunlukta Kontrol Alanı 00897na a2200265 4500
001 - KONTROL NUMARASI
Denetim Alanı 24546
003 - KONTROL NUMARASI IDENTIFIER
Denetim Alanı MIRAKIL
005 - SON İŞLEM TARİHİ VE ZAMANI
Denetim Alanı 20181213155331.0
008 - SABİT-BOY VERİ ELEMANLARI - GENEL BİLGİLER
Sabit Uzunlukta Kontrol Alanı 181130b tu 000 0
040 ## - KATALOGLAMA KAYNAK
Orijinal Kataloglama Ajansı Milas
Kataloglama Dili tur
Metne Dönüştürmek Ajansı TR-AnCHP
041 ## - DİL KODU
Metin / Ses Parça Veya Ayrı Başlığın Dil Kodu tur
082 ## - DEWEY ONLU SINIFLANDIRMA NUMARASI
Sınıflandırma Numarası 909.049996
Ürün Numarası K27ç 1995
090 ## - SINIFLAMA NUMARASI
Sınıflama Numarası 909.049996 K27ç 1995
100 ## - ANA GİRİŞ - KİŞİSEL İSİM
Kişisel Ad Kasumov, Aliy
245 ## - BAŞLIK TABLOSU
Başlık Çerkes soykırımı
Başlığın Kalan Çerkeslerin XIX. yüzyıl kurtuluş savaşı tarihi
Sorumluluk Tablosu, Vb Aliy Kasumov - Hasan Kasumov ; çeviren Orhan Uravelli
246 ## - UNVAN FORM VARYING
Başlık Doğru / Kısa Başlığı Çerkeslerin XIX. yüzyıl Kurtuluş Savaşı tarihi
260 ## - YAYIN, DAĞITIM, VB
Yayın, Dağıtım, Vb Yeri Ankara
Yayıncı, Dağıtıcı, Vs Adı Kafkas Derneği
Yayın, Dağıtım, Vb Tarihi 1995
300 ## - FİZİKSEL TANIM
Kapsam vi, 310 s.
Diğer Fiziksel Ayrıntıları hrt.
Boyutlar 19 sm.
650 ## - KONU KATMA GİRİŞ - TOPİKAL DÖNEM
Topikal Süreli Veya Coğrafi Ad Giriş Elemanı Çerkesler
Genel Alt Bölümü Tarih
650 ## - KONU KATMA GİRİŞ - TOPİKAL DÖNEM
Topikal Süreli Veya Coğrafi Ad Giriş Elemanı Çerkes soykırımı
Genel Alt Bölümü Kafkasya
Kronolojik Alt Bölümü 19. yy.
700 ## - KATMA GİRİŞ - KİŞİSEL İSİM
Kişisel Ad Uravelli, Orhan
Relator Terim çev.
700 ## - KATMA GİRİŞ - KİŞİSEL İSİM
Kişisel Ad Kasumov, Hasan
740 ## - KATMA GİRİŞ - KONTROLSUZ İLGİLİ / ANALİTİK BAŞLIK
Kontrol Edilmeyen / İlgili Analitik Başlıktaki Çerkeslerin XIX. yüzyıl Kurtuluş Savaşı tarihi
942 ## - EKLENDİ GİRİŞ ELEMANLARI (KOHA)
Sınıflandırma Veya Raf Düzeni Kaynak Dewey Decimal Classification
Koha Öğesi Türü Kitaplar
999 ## - SİSTEM KONTROL NUMARALARI (KOHA)
Koha Biblionumber 10702
Koha Biblioitemnumber 10702
Mevcut
Kalıcı Konum Mevcut Konum Edinme Tarihi Edinim Kaynak Toplam Check-Out'Lar Tam Çağrı Numarası Barkod Tarih Son Görülme İtibaren Geçerli Fiyatlar Sigara Kamu Notu Koha Öğesi Türü
CHP Kütüphanesi CHP Kütüphanesi 11/30/2018 Bağış   909.049996 K27ç 1995 018190 11/30/2018 11/30/2018 Bağışlayan: Ertuğrul Çepni Kitaplar